Leader xxxxxxxxxx
001 __ PCLIS00055358
005 __ 20210813093625.0
010 0_ |a978-988-79894-8-6|b平裝|dNT$390
100 __ |a20210429d2020 m y0chiy09 e
101 0_ |achi
102 __ |ahk
105 __ |aa t 000cy
200 1_ |a我住在台灣了!|e港人居台第三年|f茶里圖文
205 __ |a初版
210 __ |a香港|c夢繪文創出版|a新北市新店區|c永盈發行|d2020[民109]
215 0_ |a141面|c彩圖|d21公分
312 __ |a封面副題名: 港人居台第3年
517 1_ |a我住在臺灣了!|e港人居臺第三年|zchi
517 1_ |a港人居台第3年|zchi
517 1_ |a港人居臺第3年|zchi
517 1_ |a港人居台第三年|zchi
517 1_ |a港人居台生活日記|zchi
681 __ |a855|b845
700 _0 |a茶里|4圖文
801 _0 |atw|b內湖高中|c20210429|gCCR
|